| 000 | 01530nam a2200397Ia 4500 | ||
|---|---|---|---|
| 001 | ebr10240786 | ||
| 003 | CaPaEBR | ||
| 006 | m u | ||
| 007 | cr cn||||||||| | ||
| 008 | 070516s2007 maua sb 001 0 eng d | ||
| 010 | _z 2007274985 | ||
| 020 | _z1596930926 | ||
| 020 | _z9781596930926 | ||
| 040 |
_aCaPaEBR _cCaPaEBR |
||
| 035 | _a(OCoLC)318540336 | ||
| 050 | 1 | 4 |
_aQA76.76.E95 _bM34 2007eb |
| 082 | 0 | 4 |
_a006.3/3 _222 |
| 100 | 1 | _aMahler, Ronald P. S. | |
| 245 | 1 | 0 |
_aStatistical multisource-multitarget information fusion _h[electronic resource] / _cRonald P. S. Mahler. |
| 260 |
_aBoston : _bArtech House, _cc2007. |
||
| 300 |
_axxvi, 856 p. : _bill. |
||
| 490 | 1 | _aArtech House information warfare library | |
| 504 | _aIncludes bibliographical references (p. 821-836) and index. | ||
| 533 |
_aElectronic reproduction. _bPalo Alto, Calif. : _cebrary, _d2009. _nAvailable via World Wide Web. _nAccess may be limited to ebrary affiliated libraries. |
||
| 650 | 0 | _aAutomatic tracking. | |
| 650 | 0 | _aBayesian statistical decision theory. | |
| 650 | 0 | _aExpert systems (Computer science) | |
| 650 | 0 |
_aMultisensor data fusion _xMathematics. |
|
| 650 | 0 | _aSignal processing. | |
| 650 | 0 | _aTarget acquisition. | |
| 650 | 0 | _aTracking radar. | |
| 655 | 7 |
_aElectronic books. _2local |
|
| 710 | 2 | _aebrary, Inc. | |
| 830 | 0 | _aArtech House information warfare library. | |
| 856 | 4 | 0 |
_uhttp://site.ebrary.com/lib/rucke/Doc?id=10240786 _zAn electronic book accessible through the World Wide Web; click to view |
| 999 |
_c36017 _d36017 |
||